000 00633cam a2200193 4500500
005 20260405001723.0
041 _afre
042 _adc
100 1 0 _aDuru, Martin
_eauthor
245 0 0 _aÀ toutes voiles vers la vérité. Une autre histoire de la philosophie au temps des Lumières
260 _c2014.
500 _a99
690 _aLumières
690 _aModernité
690 _aStéphane Van Damme
690 _aVérité
786 0 _nPhilosophie magazine | 77 | 3 | 2014-03-01 | p. 63-63 | 1951-1787
856 4 1 _uhttps://shs.cairn.info/magazine-philosophie-magazine-2014-3-page-63?lang=fr&redirect-ssocas=7080
999 _c2050396
_d2050396